Como gerenciar riscos na administração pública : (Record no. 1102)
[ view plain ]
| 000 -LÍDER | |
|---|---|
| Campo Fixo de Controle | 00852nam a2200241 a 4500 |
| 001 - NÚMERO DE CONTROLE | |
| Campo de Controle | 1102 |
| 003 - IDENTIFICAÇÃO DO NÚMERO DE CONTROLE | |
| Campo de Controle | BR-CuiBMT |
| 005 - DATA E HORA DA ÚLTIMA ATUALIZAÇÃO | |
| Campo de Controle | 20231128191947.0 |
| 008 - DADOS FIXOS | |
| Dados Fixos | 231128s2017 prba 000 0 por d |
| 020 ## - INTERNATIONAL STANDARD BOOK NUMBER | |
| Nº do ISBN | 9788561481582 |
| 040 ## - AGÊNCIA CATALOGADORA | |
| Código da Agência Catalogadora | BR-CuiBMT |
| Agência que transcreveu o registro | BR-CuiBMT |
| 080 ## - Nº DA CLASSIFICAÇÃO DECIMAL UNIVERSAL | |
| Nº edição CDU | 2007 |
| Nº Class. CDU | 351.712.2.02 |
| 090 ## - NÚMERO DE CHAMADA | |
| Nº classificação | 351.712.2.02 |
| Cutter | S729c |
| 100 1# - ENTRADA PRINCIPAL -- AUTOR PESSOAL | |
| Nome pessoal | Souza, Kleberson |
| Forma completa do nome | Souza, Kleberson Roberto de |
| 245 ## - TÍTULO PRINCIPAL | |
| Título principal | Como gerenciar riscos na administração pública : |
| Subtítulo | estudo prático em licitações / |
| Indicação de responsabilidade | Kleberson Souza, Franklin Brasil ; prefácio, Francisco Eduardo de Holanda Bessa. |
| 260 ## - PUBLICAÇÃO, DISTRIBUIÇÃO, ETC. | |
| Local de publicação | Curitiba : |
| Editora | Negócios públicos do Brasil, |
| Data | 2017. |
| 300 ## - DESCRIÇÃO FÍSICA | |
| N. páginas ou volumes | 154 p.: |
| Ilustrações | il. |
| Dimensões | 30 cm |
| 504 ## - NOTA DE BIBLIOGRAFIA, ETC. | |
| Nota de bibliografia | Inclui bibliografia. |
| 650 ## - ASSUNTO TÓPICO | |
| Cabeçalho tópico ou nome geográfico | Licitações |
| 650 ## - ASSUNTO TÓPICO | |
| Cabeçalho tópico ou nome geográfico | Administração pública |
| 700 ## - ENTRADA SECUNDÁRIA -- NOME PESSOAL | |
| Nome pessoal | Brasil, Franklin |
| Forma completa do nome | Santos, Franklin Brasil |
| 942 ## - ELEMENTOS DE ENTRADA ADICIONAIS (KOHA) | |
| Fonte de classificação ou esquema de arquivamento | Classificação Decimal Universal |
| Tipo de item do Koha | Livros |
| Estado: removido | Estado: perdido | Fonte de classificação ou esquema de arquivamento | Estado: danificado | Indisponível para empréstimo | Localização permanente | Localização atual | Data de aquisição | Total Checkouts | Número de Chamada completo | Código de barras | Date last seen | Número do exemplar | Preço efetivo a partir de | Tipo de item (Koha) |
|---|---|---|---|---|---|---|---|---|---|---|---|---|---|---|
| Classificação Decimal Universal | Biblioteca da Escola Superior de Contas do TCE/MT | Biblioteca da Escola Superior de Contas do TCE/MT | 01/03/2018 | 351.712.2.02 S729c | BIBTCEMT23111266 | 28/11/2023 | Ex. 1 | 28/11/2023 | Livros |